Efektívne promptovanie ako výskumný nástroj. Empirický exkurz na príklade riešenia projektovej úlohy

Cieľom príspevku je predstaviť vybrané stratégie promptovania a na empirickej báze načrtnúť ich možný prínos pre riešenie danej projektovej úlohy z oblasti terminológie. Na základe konkrétnych príkladov (promptov), prostredníctvom ich analýzy a vzájomnej komparácie vybraných promptov má príspevok po...

Ausführliche Beschreibung

Gespeichert in:
Bibliographische Detailangaben
1. Verfasser: Gašová, Zuzana, 1977-
Format: Buchkapitel
Sprache:Slowakisch
Schlagworte:
Tags: Tag hinzufügen
Keine Tags, Fügen Sie das erste Tag hinzu!

MARC

LEADER 00000naa$a2200000$$$4500
001 0314415
005 20260126091641.3
041 0 |a slo 
044 |a SK 
245 1 0 |a Efektívne promptovanie ako výskumný nástroj. Empirický exkurz na príklade riešenia projektovej úlohy  |c Zuzana Gašová 
520 |a Cieľom príspevku je predstaviť vybrané stratégie promptovania a na empirickej báze načrtnúť ich možný prínos pre riešenie danej projektovej úlohy z oblasti terminológie. Na základe konkrétnych príkladov (promptov), prostredníctvom ich analýzy a vzájomnej komparácie vybraných promptov má príspevok poukázať na možnosti implementácie umelej inteligencie do riešenia úloh spojených s terminologickou prácou, a zároveň predstaviť hranice a slabšie miesta pri používaní umelej inteligencie v danej oblasti. 
610 2 0 |a jazykoveda 
610 2 0 |a filológia 
610 2 0 |a jazyk odborný 
610 2 0 |a inteligencia umelá 
610 2 0 |a chatboty 
610 2 0 |a riešenia projektové typové 
610 2 0 |a poľovníctvo 
610 2 0 |a slovenčina 
610 2 0 |a nemčina 
100 1 |a Gašová, Zuzana, 1977-